| 000 | 00540nam a22001697a 4500 | ||
|---|---|---|---|
| 005 | 20240108084235.0 | ||
| 008 | 231024b |||||||| |||| 00| 0 eng d | ||
| 020 | _a9781485126256 | ||
| 041 | _aEnglish | ||
| 082 | _a347 MOR | ||
| 100 |
_aMoran AJ, _cQC _lEnglish |
||
| 245 |
_aCommercial Litigation in Anglophone Africa / _cAJ Moran, QC ; AJ Kennedy |
||
| 260 |
_aCape Town : _bJuta and Company (Pty) Ltd, _c2018 |
||
| 300 |
_bxciv, 852 pages ; _c26,3 cm. |
||
| 650 |
_aLegal Practice _bLaw |
||
| 942 |
_cBK _6ALISON_B_N__VRIES |
||
| 999 |
_c22 _d22 |
||